000
00212nam a22000857a 4500
008
161125b xxu||||| |||| 00| 0 eng d
100
_9
1448
_a
CBSE
245
_a
Environmental education 1-IX
260
_a
Delhi
_b
CBSE
_c
2006
999
_c
4172
_d
4172